| 000 | 02343cam0 2200517 ib4500 | ||
|---|---|---|---|
| 001 | BY-VI0019-br20242762879 | ||
| 005 | 20260127111835.0 | ||
| 010 |
^a978-5-907113-87-9 ^d8 р. 30 к. |
||
| 100 | ^a20241230d2023 dady0rusy50 ca | ||
| 101 | 0 | ^arus | |
| 102 | ^aRU | ||
| 105 | ^aa z 000fy | ||
| 109 | ^ama | ||
| 200 | 1 |
^aЮмористические рассказы ^e[для среднего школьного возраста] ^fхудожник П. Гавин |
|
| 210 |
^aМосква ^cИскателькнига ^d2023 |
||
| 215 |
^a78, [1] с. ^cил. ^d21 см |
||
| 225 | 1 | ^aБиблиотечка школьника | |
| 327 | 1 | ^aСодержание: авт.: А. Аверченко, Н. Тэффи, С. Чёрный | |
| 464 | 1 |
^12001 ^aРоковой выигрыш |
|
| 464 | 1 |
^12001 ^aГрабитель |
|
| 464 | 1 |
^12001 ^aСтрашный мальчик |
|
| 464 | 1 |
^12001 ^aДень делового человека |
|
| 464 | 1 |
^12001 ^aКулич |
|
| 606 |
^3BY-NLB-ar37179 ^aХУДОЖЕСТВЕННАЯ ЛИТЕРАТУРА ^2DVNLB |
||
| 606 |
^3BY-NLB-ar9946805 ^aЮМОРИСТИЧЕСКАЯ ПРОЗА ^2DVNLB |
||
| 606 |
^3BY-NLB-ar64029 ^aПРОЗА ^2DVNLB |
||
| 606 |
^3BY-NLB-ar2670465 ^aРАССКАЗЫ ^2DVNLB |
||
| 608 |
^3BY-NLB-ar9019 ^aДЕТСКАЯ И ЮНОШЕСКАЯ ЛИТЕРАТУРА (художеств. произведение) ^2BYGNR |
||
| 686 |
^a84(2Рос=Рус)6 ^2rubbk |
||
| 690 |
^a1 ^2Base ^9BY-HO0014 ^xRSEK |
||
| 701 | 1 |
^3BY-NLB-ar135164 ^aАверченко ^bА. Т. ^gАркадий Тимофеевич ^cписатель ^f1881—1925 |
|
| 701 | 1 |
^3BY-NLB-ar105716 ^aТэффи ^bН. А. ^gНадежда Александровна ^f1872—1952 |
|
| 701 | 1 |
^3BY-NLB-ar135705 ^aЧерный ^bС. ^gСаша ^cпоэт ^f1880—1932 |
|
| 702 | 1 |
^3BY-SEK-ar13499466 ^aГавин ^bП. ^gПавел ^4040 |
|
| 801 | 0 |
^aBY ^bBY-VI0019 ^c20241230 ^gRCR |
|
| 801 | 2 |
^aBY ^bBY-HO0014 ^c20260127 ^gRCR |
|
| 035 | ^a(BY-HO0014)BY-VI0019-br20242762879 | ||
| 899 | 0 |
^aBY-HO0014 ^hЮ47 |
|